梦的科学新解析 (Record no. 67460)

000 -LEADER
fixed length control field 00503nam a22001937a 4500
003 - CONTROL NUMBER IDENTIFIER
control field MPLRDC
005 - DATE AND TIME OF LATEST TRANSACTION
control field 20220104202043.0
008 - FIXED-LENGTH DATA ELEMENTS--GENERAL INFORMATION
fixed length control field 210129b ||||| |||| 00| 0 eng d
020 ## - INTERNATIONAL STANDARD BOOK NUMBER
International Standard Book Number 978-986-7879-45-5
082 ## - DEWEY DECIMAL CLASSIFICATION NUMBER
Classification number 175.1 ROC
100 ## - MAIN ENTRY--PERSONAL NAME
Personal name 萝柯 ANDREA ROCK
245 ## - TITLE STATEMENT
Title 梦的科学新解析
Statement of responsibility, etc. 吴妍仪 译
250 ## - EDITION STATEMENT
Edition statement 初版三刷
260 ## - PUBLICATION, DISTRIBUTION, ETC.
Place of publication, distribution, etc. 台湾
Name of publisher, distributor, etc. 猫头鹰出版
Date of publication, distribution, etc. 2017
300 ## - PHYSICAL DESCRIPTION
Other physical details
520 ## - SUMMARY, ETC.
Summary, etc. 上架 2017-10-01。
650 ## - SUBJECT ADDED ENTRY--TOPICAL TERM
Topical term or geographic name entry element 梦;睡眠心理
942 ## - ADDED ENTRY ELEMENTS (KOHA)
Koha item type Book
-- 175.1 ROC
Holdings
Withdrawn status Lost status Source of classification or shelving scheme Damaged status Not for loan Collection code Home library Current library Shelving location Date acquired Cost, normal purchase price Total Checkouts Total Renewals Full call number Barcode Date last seen Date last checked out Price effective from Koha item type Public note
            Malaysian Public Library, Research and Development Centre Malaysian Public Library, Research and Development Centre   08/09/2017 50.00   2 175.1 ROC 00061040 18/03/2021 27/04/2018 18/03/2021 Book mplrdc

© 2022. Malaysian Public Library, Research and Development Centre. All Right ReservedE-mailmplrdc@help.edu.my 

Powered by Koha